ბათუმის შოთა რუსთაველის სახელმწიფო უნივერსიტეტის ბიბლიოთეკა

ინოვაციური ეკონომიკა და მართვა №1. ტ. 5. 2018 (ბიბ.ჩანაწერი № 55315)

000 -LEADER
fixed length control field 00691nam a2200193Ia 4500
001 - CONTROL NUMBER
control field 22393
003 - CONTROL NUMBER IDENTIFIER
control field GE_BSU
008 - FIXED-LENGTH DATA ELEMENTS--GENERAL INFORMATION
fixed length control field 181216s||||||||xx |||||||||||||| ||und||
040 ## - CATALOGING SOURCE
Transcribing agency GE_BSU
245 ## - TITLE STATEMENT
Title ინოვაციური ეკონომიკა და მართვა №1. ტ. 5. 2018
245 ## - TITLE STATEMENT
Remainder of title Innovative economics and management
245 ## - TITLE STATEMENT
Statement of responsibility, etc. მთ. რედ. გეჩბაია ბ.
260 ## - PUBLICATION, DISTRIBUTION, ETC.
Place of publication, distribution, etc. თბილისი
260 ## - PUBLICATION, DISTRIBUTION, ETC.
Date of publication, distribution, etc. 2018
300 ## - PHYSICAL DESCRIPTION
Extent 158გვ. 30სმ.
653 ## - INDEX TERM--UNCONTROLLED
Uncontrolled term Innovative economics and management
653 ## - INDEX TERM--UNCONTROLLED
Uncontrolled term ინოვაციური ეკონომიკა და მართვა №1. ტ. 5. 2018
942 ## - ADDED ENTRY ELEMENTS (KOHA)
Koha item type პერიოდიკა
ეგზემპლარები
Withdrawn status Lost status Damaged status Not for loan Date acquired Barcode Date last seen Price effective from Koha item type Public note
        2018-12-17 p 79329 2018-12-17 2018-12-17 პერიოდიკა პერიოდიკა
        2018-12-17 p 79330 2018-12-17 2018-12-17 პერიოდიკა პერიოდიკა